| 000 | 00941nam a2200217 i 4500 | ||
|---|---|---|---|
| 001 | 48794 | ||
| 003 | ES-MaACL | ||
| 005 | 20230906161825.0 | ||
| 007 | t| | ||
| 008 | 950731s1880 sp ||||1| spa d | ||
| 040 |
_aCAM _bspa _cCAM |
||
| 100 | 1 |
_aDíez González, Manuel. _944740 |
|
| 245 | 1 | 0 |
_aMemoria acerca de las misiones de los PP. Agustinos Calzados en las islas Filipinas / _cpresentada al ministro de Ultramar en 1880 por el comisario de la misma orden [Manuel Diez González]. |
| 260 |
_aMadrid : _b[s.n.], _c[1880] ( _fimprenta de Alejandro Gómez Fuentenebro) |
||
| 300 |
_a83 p. ; _c28 cm. |
||
| 530 | _aDisponible también en sitio web. | ||
| 594 | _aAutor (p. 79): Manuel Díez González. | ||
| 610 | 2 | 4 |
_aAgustinos- _xMisiones- _zFilipinas. _9153038 |
| 852 |
_aES-MaACL _jT-504-F-2 |
||
| 856 |
_uhttp://bibliotecadigitalhispanica.bne.es:80/webclient/DeliveryManager?pid=2697597&custom_att_2=simple_viewer _zIr a la página |
||
| 999 |
_c48794 _d48794 |
||